| 000 | 00644nam a2200193Ia 4500 | ||
|---|---|---|---|
| 003 | GCL | ||
| 008 | 140319s9999 xx 000 0 ara d | ||
| 040 |
_aGCL / _cGCL |
||
| 082 | 0 | 4 |
_a611.018 _bس و |
| 100 | 1 | _aسيرجين، بوريس فيدورفيتش | |
| 245 | 1 | 0 |
_aوظائف الاعضاء من الالف الى الياء / _cسيرجين، بوريس فيدورفيتش |
| 700 | 1 | _aعبدالرحمن محمد البردى | |
| 300 | _a302 ص | ||
| 490 |
_aالالف كتاب الثانى _v0 |
||
| 650 | 0 | 4 | _aالفسيولوجيا |
| 650 | 0 | 4 | _aالتشريح |
| 650 | 0 | 4 | _aالاعضاء والانسجة |
| 942 |
_2ddc _cBK |
||
| 999 |
_c44890 _d44890 |
||